Composition PSG - INTER 2025 - Statistiques

Statistiques générales
  • Ce quiz a été pris 84 fois
  • Le résultat moyen est 8 sur 45
Statistiques - réponses
Joueur Equipe % Correct
5 Marquinhos Paris Saint Germain
68%
2 Achraf Hakimi Paris Saint Germain
66%
1 Gianluigi Donnarumma Paris Saint Germain
65%
10 Ousmane Dembele Paris Saint Germain
57%
25 Nuno Mendes Paris Saint Germain
49%
14 Desire Doue Paris Saint Germain
47%
17 Vitinha Paris Saint Germain
47%
87 Joao Neves Paris Saint Germain
40%
8 Fabian Ruiz Paris Saint Germain
35%
29 Bradley Barcola Paris Saint Germain
29%
3 Presnel Kimpembe Paris Saint Germain
29%
21 Lucas Hernandez Paris Saint Germain
28%
33 Warren Zaire Emery Paris Saint Germain
25%
80 Arnau Tenas Paris Saint Germain
24%
9 Marcus Thuram Inter Milan
24%
24 Senny Mayulu Paris Saint Germain
24%
19 Kangin Lee Paris Saint Germain
22%
7 Kvicha Kvaratskhelia Paris Saint Germain
21%
1 Yann Sommer Inter Milan
21%
28 Benjamin Pavard Inter Milan
19%
49 Ibrahim Mbaye Paris Saint Germain
18%
2 Denzel Dumfries Inter Milan
13%
23 Nicolo Barella Inter Milan
10%
95 Alessandro Bastoni Inter Milan
9%
32 Federico Dimarco Inter Milan
7%
15 Francesco Acerbi Inter Milan
7%
39 Matvei Safonov Paris Saint Germain
7%
20 Hakan Calhanoglu Inter Milan
6%
22 Henrikh Mkhitaryan Inter Milan
4%
99 Mehdi Taremi Inter Milan
3%
16 Davide Frattesi Inter Milan
1%
30 Carlos Augusto Neves Inter Milan
0%
9 Goncalo Matias Ramos Paris Saint Germain
0%
13 Josep Martinez Inter Milan
0%
21 Kristjan Asllani Inter Milan
0%
10 Lautaro Javier Martinez Inter Milan
0%
35 Lucas Lopes Beraldo Paris Saint Germain
0%
8 Marko Arnautovic Inter Milan
0%
36 Matteo Darmian Inter Milan
0%
59 Nicola Zalewski Inter Milan
0%
7 Piotr Zielinski Inter Milan
0%
12 Raffaele Di Gennaro Inter Milan
0%
6 Stefan de Vrij Inter Milan
0%
51 William Joel Pacho Tenorio Paris Saint Germain
0%
31 Yann Aurel Bisseck Inter Milan
0%
Aucun quiz correspondant
Distribution des résultats
% des personnes avec chaque résultat
Percentile par nombre de réponses
Votre historique - résultats
Vous n’avez pas pris ce quiz